College Football Color-Swap: SEC - Statistics

General Stats
  • This quiz has been taken 254 times
    252 since last reset
  • The average score is 15 of 16
Answer Stats
Question Answer % Correct
Choose the correct logo:
98%
Choose the correct logo:
98%
Choose the correct logo:
98%
Choose the correct logo:
98%
Choose the correct logo:
97%
Choose the correct logo:
96%
Choose the correct logo:
96%
Choose the correct logo:
96%
Choose the correct logo:
96%
Choose the correct logo:
95%
Choose the correct logo:
95%
Choose the correct logo:
94%
Choose the correct logo:
93%
Choose the correct logo:
93%
Choose the correct logo:
93%
Choose the correct logo:
90%
No matching quizzes found
Score Distribution
Percent of People with Each Score
Percentile by Number Answered
Your Score History
You have not taken this quiz since the last reset